Termodinámica (Registro nro. 29301)

Detalles MARC
000 -LÍDER
fixed length control field 00604nam a22002177a 4500
003 - IDENTIFICADOR DEL NÚMERO DE CONTROL
control field ITZ
005 - FECHA Y HORA DE LA ULTIMA TRANSACCIÓN
Campo de control 20240220101646.0
008 - ELEMENTOS DE LONGITUD FIJA -- INFORMACIÓN GENERAL
fixed length control field 240220b |||||||| |||| 00| 0 spa d
020 ## - NÚMERO INTERNACIONAL NORMALIZADO PARA LIBROS
ISBN 978-1-4362-6978-4
035 ## - Número de ficha (Janium)
Número de ficha (Janium) 17686
041 ## - CÓDIGO DE IDIOMA
Código de idioma para texto/pista de sonido o título separado SPA
050 ## - SIGNATURA TOPOGRAFICA DE LA BIBLIOTECA DEL CONGRESO (LC)
Número de Clasificación QC311
Cutter C4618 2019
082 ## - NUMERO DE CLASIFICACION DECIMAL DEWEY
Número de Clasificación 536.7
Cutter C395t 2019
100 1# - ASIENTO PRINCIPAL--NOMBRE PERSONAL
Nombre personal Cengel,Yunus A.
245 ## - TÍTULO
Título Termodinámica
Mención de responsabilidad, etc. Yunus A. Cengel; Michael A. Boles; Mehmet Kanoglu
250 ## - MENCIÓN DE EDICIÓN
Mención de edición 4 Ed. Español / 9 Ed. Ingles
260 ## - PUBLICACIÓN, DISTRIBUCIÓN, ETC. (PIE DE IMPRENTA)
Lugar de publicación, distribución, etc. México:
Nombre del editor, distribuidor, etc. Mc Graw Hill,
Fecha de publicación, distribución, etc. 2019
300 ## - DESCRIPCIÓN FÍSICA
Extensión xxi, 983 p.
Otros detalles físicos il. /
Dimensiones 27 cm.
650 ## - ASIENTO SECUNDARIO DE MATERIA - TERMINO TEMÁTICO
Término temático o nombre geográfico como elemento de entrada 1. TERMODINAMICA
942 ## - TIPO DE MATERIAL (KOHA)
Koha item type Libros
Existencias
No. biblioteca No. biblioteca Número de clasificación Código de barras/Número de adquisición Número de copia Tipo de material Otras carreras
ÁREA DE ELECTROMECÁNICA LUIS G. INCLAN 536.7 C395t 2019 54685 1 Libros LUIS G. INCLAN
ÁREA DE ELECTROMECÁNICA LUIS G. INCLAN 536.7 C395t 2019 54686 2 Libros LUIS G. INCLAN
ÁREA DE ELECTROMECÁNICA LUIS G. INCLAN 536.7 C395t 2019 54687 3 Libros LUIS G. INCLAN
ÁREA DE ELECTROMECÁNICA LUIS G. INCLAN 536.7 C395t 2019 54688 4 Libros LUIS G. INCLAN
ÁREA DE ELECTROMECÁNICA LUIS G. INCLAN 536.7 C395t 2019 55365 5 Libros LUIS G. INCLAN
Calzada Tecnológico # 27, Zacatepec, Morelos.
01(734) 343-07-23 / 343-21-10 / 343-21-11
Apdo. Postal 45 C.P 62780